Statistiques concernant Personnages FRIENDS

Cliquez ici pour prendre le quiz!

Statistiques générales

  • Ce quiz a été pris 4 137 fois
  • Le résultat moyen est 22 sur 80

Statistiques - réponses

HintRéponse% Correct
19Chandler
92%
2Monica Geller
77%
1Rachel Green
77%
4Ross Geller
77%
7Gunther
70%
10Janice
69%
3Phoebe Buffay
68%
14Ben
63%
5Chandler Bing
63%
6Joey Tribbiani
63%
22Richard
60%
12Carol
56%
29Emma
56%
21Mike
53%
15Ursula
53%
23Emily
51%
8Jack
51%
13Susan
51%
9Judy
38%
30Julie
36%
58Paul
35%
27Amy
34%
24David
33%
65Eric
31%
28Jill
31%
59Tag
31%
32Barry
30%
17Alice
29%
52Joshua
28%
26Charlie
26%
16Franck Junior
26%
25Erica
25%
50Kathy
25%
43Pete
25%
11Estelle
24%
20Leslie
24%
64Mona
24%
41Mark
23%
40Mindy
23%
57Elizabeth
21%
18Franck Junior Junior
21%
55Janine
20%
35Nora
18%
33Bob le marrant
15%
63Charles
15%
54Gary
15%
79Russ
15%
31Eddie
14%
39Mr Heckles
14%
66Will
14%
53Danny
13%
71Sandra
13%
72Leonard
12%
68Mary Angela
12%
46Bonnie
11%
75Gavin
11%
34Paulo
11%
48Chip
10%
44Kate
10%
62Mélissa
10%
49Mr Treeger
10%
42Chloé
9%
67Dina
9%
45Joanna
9%
77Amanda
8%
78Suzie
7%
51Tim
7%
61Cassie
6%
37Gloria
6%
76Molly
6%
69Doug
5%
60Jessica
5%
36Joey Tribbiani Senior
5%
74Sandy
5%
80Tommy
5%
56Kim
4%
70Parker
4%
47Phoebe Abbott
4%
38Ronnie
4%
73Cliff
3%

Distribution des résultats

Percentile par nombre de réponses

% des personnes avec chaque résultat

Votre développement - résultats

Vous n’avez pas pris ce quiz